00984nac a22002651i 4500003000900000005001700009008004100026035001900067040004300086043001100129082001700140100005400157245007500211264003600286300004000322336002600362337002800388338002700416504005200443651004900495655001700544942001200561999001500573952013000588EG-ScBUE20240428102809.0240428s1960 enka f b 001 0 eng d a(OCoLC)1653862 aEG-ScBUEbengerdacEG-ScBUEdEG-ScBUE aaw----04a956bION2221 a Ionides, M. G.‏ q(Michael George)‏eauthor.10aDivide and lose :bThe Arab revolt of 1955-1958 /cby Michael Ionides. 1aLondon :bGeoffrey Bles,c1960. a271 pages :billustrations ;c22 cm 2rdacontentatextbtxt aunmediated2rdamediabn avolumebnc2rdacarrier aIncludes bibliographical references and index.  7aMiddle EastxPolitics and government.2BUEsh vReading book cBB2ddc c1743d1743 00104070aMAINbMAINc2NDd2012-12-06ePurchasel5m12o956 IONp000002574r2025-07-15 00:00:00s2019-03-03w2006-12-12yBB